000 00640nam a2200181Ia 4500
008 100920s9999 xx 000 0 und d
082 _b45541
_a24 थ 82
100 _aमोघे मनोहर मो.
245 _aसंवादातून विज्ञान भा.1.
260 _bअनिरुध्द साहित्य, पुणे.
_c1982
300 _a79
_bसाधी
365 _b9
520 _aसायो.
630 _aसंवादातून विज्ञान भा.1.
650 _aसायो.
730 _aसंवादातून विज्ञान भा.1.
942 _cBOOK
999 _c693785
_d693782